[Event "Adelboden Swiss Alpine op"]
[Site "Adelboden"]
[Date "2023.11.25"]
[Round "2"]
[White "Morgenthaler, Stefan"]
[Black "Kukov, Velislav"]
[Result "0-1"]
[WhiteElo "1904"]
[BlackElo "2335"]
[PlyCount "100"]
[EventDate "2023.11.24"]
[EventType "swiss"]
[EventRounds "5"]
[EventCountry "SUI"]
[SourceTitle "CB50_2023"]
[SourceDate "2023.12.13"]
[SourceVersion "1"]
[SourceVersionDate "2023.12.13"]
[SourceQuality "1"]

1. e4 c6 2. d4 g6 3. Nf3 d5 4. Nc3 Bg7 5. e5 Nh6 6. h4 Bg4 7. Be2 e6 8. Bg5 Qb6 9. Nh2 Bxe2 10. Nxe2 c5 11. c3 cxd4 12. cxd4 Nc6 13. g4 Ng8 14. Be3 h5 15. Nf4 hxg4 16. Nxg4 Nh6 17. h5 Nf5 18. h6 Nxh6 19. Nxh6 Rxh6 20. Rxh6 Bxh6 21. Nxd5 exd5 22. Bxh6 Qxd4 23. Qxd4 Nxd4 24. 0-0-0 Nf5 25. Bg5 Rc8+ 26. Kd2 Kd7 27. Rh1 Ke6 28. Rh7 Nd4 29. Bf4 Rc7 30. Kd3 Nc6 31. Rh8 Nxe5+ 32. Ke2 f6 33. Re8+ Kf5 34. Bxe5 fxe5 35. Kd2 Ke4 36. Rg8 Rf7 37. Ke2 Rf6 38. Rg7 Rb6 39. b3 Ra6 40. a4 Rb6 41. Rg8 Rxb3 42. Rxg6 Rb2+ 43. Ke1 d4 44. Rg2 Kd3 45. Rg3+ Kc2 46. Ra3 d3 47. Ra1 e4 48. a5 Rb1+ 49. Rxb1 Kxb1 50. Kd2 Kb2 0-1

[Event "Adelboden Swiss Alpine op"]
[Site "Adelboden"]
[Date "2023.11.25"]
[Round "3"]
[White "Spada, Yunfan"]
[Black "Morgenthaler, Stefan"]
[Result "0-1"]
[WhiteElo "1593"]
[BlackElo "1904"]
[PlyCount "98"]
[EventDate "2023.11.24"]
[EventType "swiss"]
[EventRounds "5"]
[EventCountry "SUI"]
[SourceTitle "CB50_2023"]
[SourceDate "2023.12.13"]
[SourceVersion "1"]
[SourceVersionDate "2023.12.13"]
[SourceQuality "1"]

1. d4 Nf6 2. Bg5 d5 3. e3 c5 4. Bxf6 gxf6 5. dxc5 Bg7 6. Nc3 e6 7. Nf3 Qa5 8. Bb5+ Bd7 9. Nd4 f5 10. Qd2 0-0 11. Bxd7 Nxd7 12. c6 Bxd4 13. Qxd4 bxc6 14. 0-0-0 Rab8 15. Qh4 Qb4 16. Qxb4 Rxb4 17. a3 Rb7 18. Na4 Ne5 19. b3 Rc8 20. Kd2 Kf8 21. Ke2 Ke7 22. f4 Nd7 23. h3 Rg8 24. Kf3 h5 25. Rhg1 Rbb8 26. Nb2 Nf6 27. Nd3 Ne4 28. g3 f6 29. Nb4 Rbc8 30. Nd3 Rg7 31. Nf2 Nd6 32. Rd4 a5 33. Ra4 Ra8 34. b4 Nc4 35. bxa5 Kd6 36. Ke2 c5 37. e4 Nb2 38. e5+ Kc6 39. exf6 Rf7 40. Nd3 Nxd3 41. Kxd3 Kb5 42. Rb1+ Kxa4 43. c4 Rxf6 44. g4 fxg4 45. cxd5 exd5 46. h4 Rxf4 47. Kc3 Rf3+ 48. Kc2 Rxa3 49. Rb7 Kxa5 0-1